Campeones de fútbol argentino 2000-2020 - Estadísticas

Estadísticas generales
  • Esta prueba ha sido intentada 880 veces
  • La puntuación promedio es 27 de 54
Estadísticas de respuestas
Torneo Año Equipo % Correcto
Apertura 2000 Boca Juniors
85%
Clausura 2000 River Plate
84%
Primera División 2019-20 Boca Juniors
65%
Copa Libertadores 2000 Boca Juniors
65%
Copa Libertadores 2001 Boca Juniors
64%
Apertura 2001 Racing
64%
Clausura 2002 River Plate
63%
Apertura 2003 Boca Juniors
62%
Primera División 2016-17 Boca Juniors
61%
Primera División 2017-18 Boca Juniors
61%
Copa Libertadores 2003 Boca Juniors
61%
Apertura 2002 Independiente
61%
Clausura 2003 River Plate
61%
Copa Libertadores 2007 Boca Juniors
60%
Primera División 2018-19 Racing
60%
Clausura 2004 River Plate
60%
Primera División 2015 Boca Juniors
58%
Copa Libertadores 2018 River Plate
58%
Clausura 2001 San Lorenzo
58%
Copa Libertadores 2015 River Plate
57%
Final 2014 River Plate
56%
Copa Libertadores 2009 Estudiantes
55%
Copa Libertadores 2014 San Lorenzo
54%
Apertura 2005 Boca Juniors
51%
Clausura 2006 Boca Juniors
51%
Copa Sudamericana 2004 Boca Juniors
51%
Copa Sudamericana 2014 River Plate
51%
Transición 2016 Lanús
50%
Copa Sudamericana 2017 Independiente
48%
Transición 2014 Racing
48%
Apertura 2011 Boca Juniors
47%
Apertura 2008 Boca Juniors
46%
Copa Sudamericana 2005 Boca Juniors
46%
Clausura 2008 River Plate
46%
Copa Mercosur 2001 San Lorenzo
44%
Apertura 2009 Banfield
43%
Copa de la Superliga 2019 Tigre
43%
Copa Sudamericana 2010 Independiente
42%
Apertura 2006 Estudiantes
41%
Copa Sudamericana 2007 Arsenal
39%
Clausura 2005 Vélez Sarsfield
38%
Clausura 2009 Vélez Sarsfield
38%
Copa Sudamericana 2013 Lanús
37%
Apertura 2004 Newell's
37%
Clausura 2007 San Lorenzo
37%
Final 2013 Newell's
36%
Inicial 2013 San Lorenzo
36%
Clausura 2011 Vélez Sarsfield
35%
Clausura 2012 Arsenal
34%
Apertura 2007 Lanús
34%
Clausura 2010 Argentinos
33%
Apertura 2010 Estudiantes
33%
Inicial 2012 Vélez Sarsfield
33%
Copa Sudamericana 2002 San Lorenzo
32%
No se encontraron pruebas coincidentes
Distribución de puntuación
Porcentaje de gente con cada puntuación
Porcentaje por número respondido
Historial de tus puntuaciones
No has intentado esta prueba.